| 000 | 00585nam a2200241 a 4500 | ||
|---|---|---|---|
| 001 | nice12345678 | ||
| 003 | IN_TiNIC | ||
| 005 | 20260116011418.0 | ||
| 008 | 050524s1959 chia grp 000 0 eng | ||
| 020 |
_a _c161 |
||
| 082 | 0 | 0 |
_a200 _bKIT |
| 100 | _aKitagawa, Joseph M | ||
| 245 | _aModern Trends in World Religions. | ||
| 260 |
_aChicago _bOpen Court Pub.Co _c1959 |
||
| 300 | _a286p | ||
| 500 | _aincludes index and biblioraphy | ||
| 505 | 2 | _aBiblio, Index. | |
| 650 | _aReligion | ||
| 700 | 1 | _aKitagawa, Joseph M | |
| 902 | _bSRS | ||
| 942 | _cBK | ||
| 999 |
_c1301 _d1301 |
||